[Event "35. Open Villa de Benasque 2015"]
[Site "Benasque ESP"]
[Date "2015.07.04"]
[Round "3.7"]
[White "Quintin Navarro, Alberto"]
[Black "Grigoriants, Sergey"]
[Result "0-1"]
[WhiteElo "2357"]
[BlackElo "2594"]
[PlyCount "52"]
[EventDate "2015.07.03"]
[EventType "swiss"]
[EventRounds "10"]
[EventCountry "ESP"]
[Source "lmi"]
[SourceDate "2015.07.03"]

1. d4 Nf6 2. Nf3 g6 3. Bg5 Bg7 4. Nbd2 O-O 5. c3 d5 6. e3 Nbd7 7. Be2 Re8 8.
O-O e5 9. b4 c6 10. Bh4 Qe7 11. Qb3 a5 12. b5 c5 13. dxe5 Nxe5 14. c4 dxc4 15.
Nxc4 a4 16. Qa3 Nxc4 17. Bxc4 Be6 18. Rac1 Bxc4 19. Rxc4 Qe6 20. Rxa4 Rxa4 21.
Qxa4 Ne4 22. Qa7 Qd5 23. a4 c4 24. Nd4 Nd2 25. Rd1 c3 26. h3 Nb3 0-1

[Event "35. Open Villa de Benasque 2015"]
[Site "Benasque ESP"]
[Date "2015.07.04"]
[Round "3.8"]
[White "Romanov, Evgeny"]
[Black "Lopez Mulet, Inigo"]
[Result "1-0"]
[WhiteElo "2575"]
[BlackElo "2345"]
[PlyCount "63"]
[EventDate "2015.07.03"]
[EventType "swiss"]
[EventRounds "10"]
[EventCountry "ESP"]
[Source "lmi"]
[SourceDate "2015.07.03"]

1. c4 e5 2. Nc3 Bb4 3. Nd5 Bc5 4. Nf3 c6 5. Nc3 d5 6. cxd5 cxd5 7. Nxe5 Bxf2+
8. Kxf2 Qh4+ 9. g3 Qd4+ 10. Ke1 Qxe5 11. d4 Qe6 12. Bg2 Nf6 13. Bg5 Ne4 14.
Nxe4 dxe4 15. d5 Qa6 16. Bxe4 h6 17. Bd2 O-O 18. Bc3 Nd7 19. Qd4 Nf6 20. Bd3
Qd6 21. Bb4 Qxd5 22. Qxd5 Nxd5 23. Bxf8 Kxf8 24. Rc1 Nb4 25. Bc4 Bh3 26. Kf2
Re8 27. Rhd1 Nc6 28. Bd5 Ne5 29. Rc7 Bg4 30. Rxb7 a6 31. Rd2 Bh5 32. Bf3 1-0

[Event "35. Open Villa de Benasque 2015"]
[Site "Benasque ESP"]
[Date "2015.07.04"]
[Round "3.9"]
[White "Aranda Marin, Cristian"]
[Black "Stocek, Jiri"]
[Result "0-1"]
[WhiteElo "2340"]
[BlackElo "2573"]
[PlyCount "80"]
[EventDate "2015.07.03"]
[EventType "swiss"]
[EventRounds "10"]
[EventCountry "ESP"]
[Source "lmi"]
[SourceDate "2015.07.03"]

1. e4 d6 2. d4 Nf6 3. Nc3 g6 4. Nf3 Bg7 5. h3 O-O 6. Be3 a6 7. a4 b6 8. e5 Nfd7
9. e6 fxe6 10. Bc4 Nf6 11. d5 c6 12. Ng5 Qc7 13. dxe6 d5 14. Bb3 h6 15. Nf7 Kh7
16. Qd2 Bxe6 17. Bf4 Qc8 18. Ne5 Nbd7 19. Ng4 h5 20. Bh6 hxg4 21. hxg4 Nxg4 22.
Bxg7+ Kxg7 23. f3 Qc7 24. O-O-O Qf4 25. Qxf4 Rxf4 26. Ne2 Rf6 27. fxg4 Bxg4 28.
Rde1 Rh8 29. Rxh8 Kxh8 30. c4 Bxe2 31. Rxe2 e6 32. Bc2 Kg7 33. g4 g5 34. cxd5
cxd5 35. b4 Kf7 36. Bd3 Rf4 37. Rc2 Rxb4 38. Rc7 Ke7 39. Bxa6 Kd6 40. Ra7 Nc5
0-1

[Event "35. Open Villa de Benasque 2015"]
[Site "Benasque ESP"]
[Date "2015.07.04"]
[Round "3.10"]
[White "Vocaturo, Daniele"]
[Black "Montoliu Cervero, Francisco"]
[Result "1-0"]
[WhiteElo "2572"]
[BlackElo "2335"]
[PlyCount "75"]
[EventDate "2015.07.03"]
[EventType "swiss"]
[EventRounds "10"]
[EventCountry "ESP"]
[Source "lmi"]
[SourceDate "2015.07.03"]

1. e4 c5 2. Nf3 d6 3. d4 cxd4 4. Nxd4 Nf6 5. Nc3 a6 6. Be3 e6 7. Qf3 Nbd7 8.
O-O-O Qc7 9. Qg3 b5 10. a3 Bb7 11. f3 Rc8 12. Bxb5 axb5 13. Ndxb5 Qb8 14. Nxd6+
Bxd6 15. Qxd6 Qxd6 16. Rxd6 Ke7 17. Rhd1 h6 18. Nb5 g5 19. Bd2 Rc6 20. Bb4 Rxd6
21. Nxd6 Bc6 22. Nc4+ Ke8 23. Na5 Ba8 24. Rd6 Nb8 25. c4 Nfd7 26. c5 Rg8 27. c6
Nb6 28. Nb7 Bxb7 29. cxb7 N6d7 30. Rd2 Nc6 31. Rc2 Ndb8 32. Bd6 Kd7 33. Rd2 Ke8
34. b4 f6 35. b5 Na5 36. Bxb8 Nxb7 37. Rc2 Kd8 38. a4 1-0

[Event "35. Open Villa de Benasque 2015"]
[Site "Benasque ESP"]
[Date "2015.07.05"]
[Round "4.1"]
[White "Oratovsky, Michael"]
[Black "Berkes, Ferenc"]
[Result "1/2-1/2"]
[WhiteElo "2490"]
[BlackElo "2664"]
[PlyCount "29"]
[EventDate "2015.07.03"]
[EventType "swiss"]
[EventRounds "10"]
[EventCountry "ESP"]
[Source "lmi"]
[SourceDate "2015.07.03"]

1. e4 d6 2. d4 Nf6 3. Nc3 g6 4. Nf3 Bg7 5. Be2 O-O 6. O-O a6 7. a4 Nc6 8. h3 e5
9. dxe5 dxe5 10. Bc4 h6 11. Be3 b6 12. Qxd8 Rxd8 13. Nd5 Nxd5 14. Bxd5 Bb7 15.
a5 1/2-1/2

[Event "35. Open Villa de Benasque 2015"]
[Site "Benasque ESP"]
[Date "2015.07.05"]
[Round "4.2"]
[White "Granda Zuniga, Julio E"]
[Black "Delorme, Axel"]
[Result "1/2-1/2"]
[WhiteElo "2652"]
[BlackElo "2484"]
[PlyCount "111"]
[EventDate "2015.07.03"]
[EventType "swiss"]
[EventRounds "10"]
[EventCountry "ESP"]
[Source "lmi"]
[SourceDate "2015.07.03"]

1. c4 e6 2. d4 d5 3. Nc3 a6 4. cxd5 exd5 5. g3 Nf6 6. Bg2 c6 7. Nf3 Bd6 8. Bf4
Bxf4 9. gxf4 Nbd7 10. e3 Nf8 11. h4 h5 12. Ne5 Ng4 13. Qf3 Ng6 14. Nxg6 fxg6
15. Qg3 O-O 16. Bh3 Qb6 17. O-O-O Qa5 18. Bxg4 Bxg4 19. f3 Bf5 20. e4 dxe4 21.
fxe4 Bg4 22. Rd2 b5 23. Kb1 Rfe8 24. Re1 b4 25. Nd1 b3 26. Nc3 bxa2+ 27. Ka1
Rab8 28. Rc1 Qb4 29. Qd3 a5 30. Qc2 Qc4 31. e5 Bf5 32. Qa4 Qxa4 33. Nxa4 Rb4
34. Nc3 Rd8 35. Ne2 Be4 36. Rc5 a4 37. Ra5 Bd5 38. Ra6 Rf8 39. e6 Re8 40. Nc3
Bxe6 41. Rxc6 Bb3 42. Nxa2 Rb5 43. Nc1 Re1 44. Re2 Rd1 45. Re7 Rf5 46. Rc8+ Rf8
47. Rcc7 Rf7 48. Re8+ Rf8 49. Ree7 Rf7 50. Re8+ Rf8 51. Ree7 Rf7 52. Re8+ Kh7
53. Rcc8 g5 54. fxg5 Rff1 55. Kb1 Bd5 56. b3 1/2-1/2

[Event "35. Open Villa de Benasque 2015"]
[Site "Benasque ESP"]
[Date "2015.07.05"]
[Round "4.3"]
[White "Ubilava, Elizbar"]
[Black "Adhiban, B."]
[Result "1/2-1/2"]
[WhiteElo "2480"]
[BlackElo "2627"]
[PlyCount "43"]
[EventDate "2015.07.03"]
[EventType "swiss"]
[EventRounds "10"]
[EventCountry "ESP"]
[Source "lmi"]
[SourceDate "2015.07.03"]

1. d4 Nf6 2. c4 g6 3. Nc3 Bg7 4. e4 d6 5. Nf3 O-O 6. Be2 e5 7. dxe5 dxe5 8.
Qxd8 Rxd8 9. Nxe5 Nxe4 10. Nxe4 Bxe5 11. Bg5 Bxb2 12. Bxd8 Bxa1 13. Bxc7 Nc6
14. O-O Bd4 15. Rd1 Be6 16. Ng5 Re8 17. Ne4 Ra8 18. Ng5 Re8 19. Nxe6 Rxe6 20.
Bf3 Be5 21. Bxe5 Rxe5 22. g3 1/2-1/2

[Event "35. Open Villa de Benasque 2015"]
[Site "Benasque ESP"]
[Date "2015.07.05"]
[Round "4.4"]
[White "Cori, Jorge"]
[Black "Manolache, Marius"]
[Result "1/2-1/2"]
[WhiteElo "2623"]
[BlackElo "2467"]
[PlyCount "86"]
[EventDate "2015.07.03"]
[EventType "swiss"]
[EventRounds "10"]
[EventCountry "ESP"]
[Source "lmi"]
[SourceDate "2015.07.03"]

1. c4 g6 2. g3 Bg7 3. Bg2 d6 4. Nc3 Nf6 5. Nf3 O-O 6. O-O c6 7. d3 a5 8. Rb1
Na6 9. a3 Bd7 10. b4 axb4 11. axb4 c5 12. bxc5 Nxc5 13. Nd4 Ra6 14. Nb3 Na4 15.
Bd2 Nxc3 16. Bxc3 Bc6 17. Qd2 Qa8 18. e4 Ra2 19. Rb2 Ra3 20. Rfb1 h5 21. Qe1
Nd7 22. Bxg7 Kxg7 23. d4 Qa7 24. Qb4 Rxb3 25. Qxb3 Qxd4 26. Rd1 Qc5 27. Qb4
Qxb4 28. Rxb4 Ra8 29. f4 Ra2 30. Bh1 Nc5 31. e5 Ba4 32. Rf1 dxe5 33. fxe5 Re2
34. Bd5 e6 35. Bxb7 Rxe5 36. Ba8 Bc2 37. Rb5 Bd3 38. Rf4 g5 39. Rd4 Re1+ 40.
Kf2 Re2+ 41. Kg1 Re1+ 42. Kf2 Re2+ 43. Kg1 Re1+ 1/2-1/2

[Event "35. Open Villa de Benasque 2015"]
[Site "Benasque ESP"]
[Date "2015.07.05"]
[Round "4.5"]
[White "Kanmazalp, Ogulcan"]
[Black "Naroditsky, Daniel"]
[Result "0-1"]
[WhiteElo "2468"]
[BlackElo "2622"]
[PlyCount "88"]
[EventDate "2015.07.03"]
[EventType "swiss"]
[EventRounds "10"]
[EventCountry "ESP"]
[Source "lmi"]
[SourceDate "2015.07.03"]

1. e4 e5 2. Nf3 Nc6 3. Bb5 a6 4. Ba4 Nf6 5. O-O Be7 6. Re1 b5 7. Bb3 d6 8. c3
O-O 9. h3 Na5 10. Bc2 c5 11. d4 Nd7 12. dxc5 dxc5 13. Nbd2 Bb7 14. Qe2 Re8 15.
Nf1 Nc4 16. b3 Nd6 17. c4 Nf8 18. Bb2 f6 19. cxb5 axb5 20. a4 Ne6 21. axb5 Nf4
22. Qe3 Nxb5 23. Rxa8 Bxa8 24. Rd1 Qc7 25. Bd3 Nd4 26. Bc4+ Kh8 27. N3d2 Rd8
28. h4 Qc8 29. f3 Nc2 30. Qc3 Nb4 31. Ne3 Bb7 32. Ndf1 Rxd1 33. Nxd1 Nc6 34. g3
Ne6 35. Nde3 Ned4 36. Nd5 Bd8 37. Kg2 Ba5 38. Qd3 Nb4 39. Nxb4 Bxb4 40. Ne3 Qa8
41. Bxd4 cxd4 42. Bd5 dxe3 43. Bxb7 e2 44. Qb5 e1=N+ 0-1

[Event "35. Open Villa de Benasque 2015"]
[Site "Benasque ESP"]
[Date "2015.07.05"]
[Round "4.6"]
[White "Grigoriants, Sergey"]
[Black "Jansa, Vlastimil"]
[Result "1-0"]
[WhiteElo "2594"]
[BlackElo "2457"]
[PlyCount "65"]
[EventDate "2015.07.03"]
[EventType "swiss"]
[EventRounds "10"]
[EventCountry "ESP"]
[Source "lmi"]
[SourceDate "2015.07.03"]

1. Nf3 g6 2. e4 Bg7 3. d4 d6 4. Bd3 Nf6 5. O-O O-O 6. Re1 Nc6 7. h3 b6 8. c3 e6
9. Nbd2 Bb7 10. Nf1 Ne7 11. Qe2 c5 12. Bf4 Rc8 13. Rad1 cxd4 14. cxd4 Qc7 15.
Qe3 Rfd8 16. Qe2 Rf8 17. Qe3 Rfd8 18. N1h2 Qd7 19. Bg5 Kh8 20. Qf4 Neg8 21. Qh4
Rf8 22. e5 dxe5 23. dxe5 Nd5 24. Ng4 Qa4 25. Be4 Qxa2 26. Bf6 Qxb2 27. Ng5 h5
28. Nxf7+ Rxf7 29. Bxg6 Ngxf6 30. Bxf7 Nxg4 31. hxg4 Qc2 32. Bxe6 Nf4 33. Rd8+
1-0

[Event "35. Open Villa de Benasque 2015"]
[Site "Benasque ESP"]
[Date "2015.07.05"]
[Round "4.7"]
[White "Danailov, Silvio"]
[Black "Romanov, Evgeny"]
[Result "1/2-1/2"]
[WhiteElo "2466"]
[BlackElo "2575"]
[PlyCount "73"]
[EventDate "2015.07.03"]
[EventType "swiss"]
[EventRounds "10"]
[EventCountry "ESP"]
[Source "lmi"]
[SourceDate "2015.07.03"]

1. Nf3 d5 2. d4 Nf6 3. c4 c6 4. e3 Bf5 5. Nc3 e6 6. Nh4 Be4 7. f3 Bg6 8. Qb3
Qc7 9. Bd2 Be7 10. Nxg6 hxg6 11. O-O-O dxc4 12. Bxc4 b5 13. Be2 a6 14. Kb1 c5
15. dxc5 Nbd7 16. Qc2 Nxc5 17. g4 Rc8 18. g5 Nfd7 19. h4 Qb8 20. Ne4 Na4 21.
Qb3 Ndc5 22. Nxc5 Nxc5 23. Qb4 Nd3 24. Qd4 Nf2 25. Qxg7 Rf8 26. Bc3 Nxh1 27.
Rxh1 Qb6 28. Qe5 b4 29. Bd4 Bc5 30. Rc1 Bxd4 31. Rxc8+ Kd7 32. Rc7+ Qxc7 33.
Qxd4+ Qd6 34. Qa7+ Qc7 35. Qd4+ Qd6 36. Qa7+ Qc7 37. Qd4+ 1/2-1/2

[Event "35. Open Villa de Benasque 2015"]
[Site "Benasque ESP"]
[Date "2015.07.05"]
[Round "4.8"]
[White "Stocek, Jiri"]
[Black "Stella, Andrea"]
[Result "1-0"]
[WhiteElo "2573"]
[BlackElo "2427"]
[PlyCount "77"]
[EventDate "2015.07.03"]
[EventType "swiss"]
[EventRounds "10"]
[EventCountry "ESP"]
[Source "lmi"]
[SourceDate "2015.07.03"]

1. d4 Nf6 2. c4 g6 3. Nc3 d5 4. Nf3 Bg7 5. Qb3 dxc4 6. Qxc4 O-O 7. e4 Nc6 8.
Bf4 Bg4 9. d5 Nh5 10. Bg5 Na5 11. Qb4 b6 12. O-O-O Bxf3 13. gxf3 c5 14. dxc6
Nxc6 15. Rxd8 Nxb4 16. Rxa8 Rxa8 17. Bxe7 Bh6+ 18. Kb1 Nc6 19. Bh4 Nd4 20. Bg3
Nc6 21. Bh4 Nd4 22. Bg3 Nxf3 23. Be2 Nd2+ 24. Kc2 Rc8 25. Bxh5 gxh5 26. Kd3 Nf3
27. Nd5 Rd8 28. Rd1 Kf8 29. Ke2 Ng5 30. Bf4 f5 31. e5 Kg7 32. Bxg5 Bxg5 33. f4
Bh6 34. Kf3 Kf7 35. Ne3 Rxd1 36. Nxd1 Ke6 37. Nc3 Kd7 38. Nb5 a6 39. Nd4 1-0

[Event "35. Open Villa de Benasque 2015"]
[Site "Benasque ESP"]
[Date "2015.07.05"]
[Round "4.9"]
[White "Movsziszian, Karen"]
[Black "Vocaturo, Daniele"]
[Result "0-1"]
[WhiteElo "2454"]
[BlackElo "2572"]
[PlyCount "162"]
[EventDate "2015.07.03"]
[EventType "swiss"]
[EventRounds "10"]
[EventCountry "ESP"]
[Source "lmi"]
[SourceDate "2015.07.03"]

1. g3 e5 2. Bg2 d5 3. d3 c6 4. Nf3 Bd6 5. O-O Nf6 6. c4 h6 7. Nc3 d4 8. Na4 O-O
9. Qc2 Bf5 10. b4 Nbd7 11. c5 Bc7 12. e4 dxe3 13. Bxe3 Nd5 14. Bd2 N7f6 15.
Rfe1 Nd7 16. Rf1 N7f6 17. Rfe1 Re8 18. Nh4 Bh7 19. Be4 Qd7 20. Nb2 b5 21. a4 a6
22. Nd1 Rad8 23. axb5 axb5 24. Ra7 Ra8 25. Bxh7+ Nxh7 26. Qa2 Rxa7 27. Qxa7
Nhf6 28. Ne3 Nxe3 29. Bxe3 Nd5 30. Bd2 Qc8 31. Ng2 Rd8 32. Ra1 Nf6 33. Qa6 Qe6
34. Qb7 Rxd3 35. Be1 Bd8 36. Ra6 Qh3 37. Qxc6 Ng4 38. Qe8+ Kh7 39. Qxf7 Bf6 40.
Ra8 Rd1 41. Qg8+ Kg6 42. Qe8+ Kh7 43. Qg8+ Kg6 44. Qe8+ Kg5 45. f4+ Kf5 46.
Qc8+ Ke4 47. Qb7+ Rd5 48. Bf2 Qxh2+ 49. Kf1 Qh1+ 50. Bg1 Nh2+ 51. Kf2 Ng4+ 52.
Kf1 Nh2+ 53. Kf2 Nf3 54. Ra1 exf4 55. Rd1 Bd4+ 56. Rxd4+ Kxd4 57. Kxf3+ Qxg1
58. Qxg7+ Kc4 59. Nxf4 Qf1+ 60. Ke3 Qg1+ 61. Kf3 Qd1+ 62. Ke3 Qb3+ 63. Ke4 Qc2+
64. Kf3 Qd1+ 65. Kg2 Qc2+ 66. Kf3 Qd1+ 67. Kg2 Rd2+ 68. Kh3 Kxb4 69. Qe7 Qh1+
70. Kg4 Qc6 71. Qe3 Qd7+ 72. Kf3 h5 73. Qe4+ Kxc5 74. Ke3 Rd6 75. Qe5+ Kb6 76.
Qxh5 b4 77. Qh8 Qc7 78. Nd3 Re6+ 79. Kd2 Rd6 80. Ke3 Rd5 81. Qb2 Qxg3+ 0-1

[Event "35. Open Villa de Benasque 2015"]
[Site "Benasque ESP"]
[Date "2015.07.05"]
[Round "4.10"]
[White "Erdogdu, Mert"]
[Black "Jakubowski, Krzysztof"]
[Result "0-1"]
[WhiteElo "2426"]
[BlackElo "2565"]
[PlyCount "60"]
[EventDate "2015.07.03"]
[EventType "swiss"]
[EventRounds "10"]
[EventCountry "ESP"]
[Source "lmi"]
[SourceDate "2015.07.03"]

1. e4 c5 2. Nf3 e6 3. d4 cxd4 4. Nxd4 Nc6 5. Nc3 Qc7 6. Be3 a6 7. Qd2 Nf6 8.
O-O-O Bb4 9. f3 O-O 10. a3 Be7 11. g4 b5 12. g5 Ne8 13. h4 Bb7 14. h5 Ne5 15.
f4 Ng4 16. Rh4 Nxe3 17. Qxe3 b4 18. axb4 Bxb4 19. f5 Rc8 20. f6 Bxc3 21. bxc3
Qxc3 22. Bd3 Nd6 23. e5 Qa3+ 24. Kd2 Nc4+ 25. Bxc4 Qxe3+ 26. Kxe3 Rxc4 27. Nxe6
Rxh4 28. Nxf8 Re4+ 29. Kf2 Kxf8 30. Rb1 Bc8 0-1

[Event "35. Open Villa de Benasque 2015"]
[Site "Benasque ESP"]
[Date "2015.07.06"]
[Round "5.1"]
[White "Naroditsky, Daniel"]
[Black "Kharitonov, Alexandr"]
[Result "1/2-1/2"]
[WhiteElo "2622"]
[BlackElo "2536"]
[PlyCount "75"]
[EventDate "2015.07.03"]
[EventType "swiss"]
[EventRounds "10"]
[EventCountry "ESP"]
[Source "lmi"]
[SourceDate "2015.07.03"]

1. e4 c6 2. d4 d5 3. Nd2 dxe4 4. Nxe4 Bf5 5. Ng3 Bg6 6. h4 h6 7. Nf3 Nd7 8. Bd3
Bxd3 9. Qxd3 e6 10. Bd2 Ngf6 11. O-O-O Be7 12. Qe2 Qc7 13. Ne5 c5 14. Nxd7 Qxd7
15. dxc5 Qc6 16. Bc3 Qxc5 17. Ne4 Qc6 18. Bxf6 gxf6 19. g4 Rd8 20. Rxd8+ Bxd8
21. Rd1 Be7 22. Qe3 Kf8 23. Qd4 e5 24. Qd3 h5 25. Ng3 hxg4 26. Nf5 Ke8 27. h5
a6 28. h6 Rg8 29. Ng7+ Kf8 30. Qd7 f5 31. Nxf5 Bg5+ 32. Kb1 Rh8 33. Qd3 Kg8 34.
h7+ Kxh7 35. Ne7+ e4 36. Qd7 Qe6 37. Rh1+ Bh6 38. Nd5 1/2-1/2

[Event "35. Open Villa de Benasque 2015"]
[Site "Benasque ESP"]
[Date "2015.07.06"]
[Round "5.2"]
[White "Vocaturo, Daniele"]
[Black "Grigoriants, Sergey"]
[Result "1/2-1/2"]
[WhiteElo "2572"]
[BlackElo "2594"]
[PlyCount "45"]
[EventDate "2015.07.03"]
[EventType "swiss"]
[EventRounds "10"]
[EventCountry "ESP"]
[Source "lmi"]
[SourceDate "2015.07.03"]

1. e4 c6 2. Nf3 d5 3. Nc3 Bg4 4. h3 Bxf3 5. Qxf3 e6 6. d4 Nf6 7. Bd3 dxe4 8.
Nxe4 Nxe4 9. Qxe4 Nd7 10. c3 Nf6 11. Qf3 Qd5 12. Qxd5 Nxd5 13. Bd2 g6 14. h4 h5
15. g3 Bh6 16. Bxh6 Rxh6 17. Kd2 Rh8 18. Rhe1 Ke7 19. a4 a5 20. Re5 Rhd8 21.
Kc2 Rd6 22. Re2 Nf6 23. Rae1 1/2-1/2

[Event "35. Open Villa de Benasque 2015"]
[Site "Benasque ESP"]
[Date "2015.07.06"]
[Round "5.3"]
[White "Jakubowski, Krzysztof"]
[Black "Stocek, Jiri"]
[Result "1-0"]
[WhiteElo "2565"]
[BlackElo "2573"]
[PlyCount "65"]
[EventDate "2015.07.03"]
[EventType "swiss"]
[EventRounds "10"]
[EventCountry "ESP"]
[Source "lmi"]
[SourceDate "2015.07.03"]

1. e4 d6 2. d4 Nf6 3. Nc3 g6 4. f4 Bg7 5. Nf3 O-O 6. Be3 Nbd7 7. Qd2 c5 8. d5
Rb8 9. a4 a6 10. Qd3 Ng4 11. Bc1 c4 12. Qxc4 Nc5 13. h3 b5 14. axb5 axb5 15.
Qb4 Nf6 16. Nd4 Bb7 17. Nc6 Bxc6 18. dxc6 Qc8 19. Bxb5 Nfxe4 20. Nxe4 Nxe4 21.
O-O d5 22. Qa5 Bd4+ 23. Kh2 Bb6 24. Qe1 Qc7 25. c4 e6 26. b3 Bd4 27. Qa5 Bb6
28. Qa3 Rfd8 29. Bb2 Nd2 30. Be5 Nxf1+ 31. Rxf1 Qc8 32. Qe7 Ra8 33. c5 1-0

[Event "35. Open Villa de Benasque 2015"]
[Site "Benasque ESP"]
[Date "2015.07.06"]
[Round "5.4"]
[White "Forcen Esteban, Daniel"]
[Black "Rodshtein, Maxim"]
[Result "0-1"]
[WhiteElo "2539"]
[BlackElo "2678"]
[PlyCount "112"]
[EventDate "2015.07.03"]
[EventType "swiss"]
[EventRounds "10"]
[EventCountry "ESP"]
[Source "lmi"]
[SourceDate "2015.07.03"]

1. d4 Nf6 2. Nf3 g6 3. c4 Bg7 4. Nc3 d5 5. h4 c6 6. Bg5 O-O 7. Bxf6 Bxf6 8. h5
g5 9. e3 h6 10. Be2 Bg7 11. Qc2 Be6 12. O-O-O Nd7 13. e4 dxe4 14. Nxe4 Qa5 15.
Kb1 Bf5 16. Bd3 Bxe4 17. Bxe4 Rad8 18. Qe2 e6 19. Bc2 c5 20. d5 Qb6 21. Bb3
exd5 22. Rxd5 Rfe8 23. Qc2 Nf6 24. Rxd8 Qxd8 25. Qf5 Ne4 26. Rd1 Qf6 27. Qxf6
Bxf6 28. Rd5 Nxf2 29. Rxc5 Re2 30. Rc8+ Kg7 31. Rc7 Nd3 32. Bc2 Nb4 33. Bg6 g4
34. Rxf7+ Kg8 35. Kc1 gxf3 36. gxf3 Bxb2+ 37. Kd1 Re3 38. Kd2 Ra3 39. Rxb7 Bd4
40. Bb1 a5 41. Rd7 Bc5 42. Rc7 Bd6 43. Rc8+ Kg7 44. c5 Bf4+ 45. Ke2 Re3+ 46.
Kf2 Rc3 47. Ke2 Re3+ 48. Kf2 Nd3+ 49. Bxd3 Rxd3 50. Ra8 Rd2+ 51. Ke1 Rxa2 52.
c6 Kf6 53. Ra6 Ke7 54. c7 Kd7 55. Rf6 Ra4 56. Rc6 Kc8 0-1

[Event "35. Open Villa de Benasque 2015"]
[Site "Benasque ESP"]
[Date "2015.07.06"]
[Round "5.5"]
[White "Berkes, Ferenc"]
[Black "Ubilava, Elizbar"]
[Result "1/2-1/2"]
[WhiteElo "2664"]
[BlackElo "2480"]
[PlyCount "53"]
[EventDate "2015.07.03"]
[EventType "swiss"]
[EventRounds "10"]
[EventCountry "ESP"]
[Source "lmi"]
[SourceDate "2015.07.03"]

1. d4 Nf6 2. c4 e6 3. Nc3 Bb4 4. e3 O-O 5. Bd3 d5 6. Nf3 c5 7. O-O cxd4 8. exd4
dxc4 9. Bxc4 b6 10. Bg5 Nbd7 11. Rc1 Bb7 12. a3 Bxc3 13. Rxc3 Rc8 14. Re1 h6
15. Bh4 Bd5 16. Bxd5 Rxc3 17. bxc3 exd5 18. Ne5 Qc8 19. Nxd7 Nxd7 20. h3 Qxc3
21. Re7 Qc6 22. Qf3 g5 23. Qf5 Nf6 24. Bxg5 hxg5 25. Qxg5+ Kh7 26. Qh4+ Kg7 27.
Qg5+ 1/2-1/2

[Event "35. Open Villa de Benasque 2015"]
[Site "Benasque ESP"]
[Date "2015.07.06"]
[Round "5.6"]
[White "Manolache, Marius"]
[Black "Granda Zuniga, Julio E"]
[Result "0-1"]
[WhiteElo "2467"]
[BlackElo "2652"]
[PlyCount "102"]
[EventDate "2015.07.03"]
[EventType "swiss"]
[EventRounds "10"]
[EventCountry "ESP"]
[Source "lmi"]
[SourceDate "2015.07.03"]

1. d4 Nf6 2. c4 e6 3. Nc3 Bb4 4. e3 b6 5. Nge2 Ba6 6. a3 Be7 7. b3 d5 8. cxd5
exd5 9. g3 O-O 10. Bg2 c6 11. O-O Nbd7 12. Re1 Re8 13. Nf4 Bd6 14. Bb2 Re7 15.
Rc1 Qf8 16. b4 Bxf4 17. gxf4 Bc4 18. Na4 Ne4 19. Bc3 f5 20. Nb2 b5 21. Nxc4
bxc4 22. Qa4 Re6 23. f3 Nxc3 24. Rxc3 Qe7 25. Qc2 g6 26. Bf1 Re8 27. Re2 Nb6
28. Kh1 Nc8 29. Re1 Nd6 30. a4 Rb8 31. Qb2 Qb7 32. Rb1 a5 33. b5 cxb5 34. axb5
Qxb5 35. Qxb5 Rxb5 36. Ra1 Rb3 37. Rc2 Rexe3 38. Rxa5 Nb5 39. Kg2 Kg7 40. Rf2
Kh6 41. h3 Rb4 42. Rfa2 Nc3 43. Rc2 Nb5 44. Rca2 Reb3 45. Kg3 Rb1 46. Kf2 R4b2+
47. Rxb2 Rxb2+ 48. Ke3 Nc3 49. Ra1 Rc2 50. h4 Kh5 51. Re1 Kxh4 0-1

[Event "35. Open Villa de Benasque 2015"]
[Site "Benasque ESP"]
[Date "2015.07.06"]
[Round "5.7"]
[White "Adhiban, B."]
[Black "Danailov, Silvio"]
[Result "1-0"]
[WhiteElo "2627"]
[BlackElo "2466"]
[PlyCount "49"]
[EventDate "2015.07.03"]
[EventType "swiss"]
[EventRounds "10"]
[EventCountry "ESP"]
[Source "lmi"]
[SourceDate "2015.07.03"]

1. e4 e5 2. Nf3 Nc6 3. Bc4 Nf6 4. d3 Bc5 5. c3 O-O 6. Nbd2 d5 7. exd5 Nxd5 8.
Ne4 Bb6 9. O-O Bg4 10. h3 Bh5 11. Ng3 Bg6 12. Re1 Re8 13. a4 a6 14. d4 e4 15.
Bg5 Qd6 16. Nh4 e3 17. Qf3 exf2+ 18. Qxf2 Ne5 19. Ngf5 Bxf5 20. Nxf5 Qg6 21.
Bxd5 Qxg5 22. Bxb7 Rab8 23. Bxa6 g6 24. Ne3 Nd7 25. Bb5 1-0

[Event "35. Open Villa de Benasque 2015"]
[Site "Benasque ESP"]
[Date "2015.07.06"]
[Round "5.8"]
[White "Delorme, Axel"]
[Black "Cori, Jorge"]
[Result "0-1"]
[WhiteElo "2484"]
[BlackElo "2623"]
[PlyCount "78"]
[EventDate "2015.07.03"]
[EventType "swiss"]
[EventRounds "10"]
[EventCountry "ESP"]
[Source "lmi"]
[SourceDate "2015.07.03"]

1. d4 Nf6 2. Nf3 g6 3. g3 Bg7 4. Bg2 O-O 5. O-O d5 6. c4 dxc4 7. Na3 c5 8. Nxc4
Na6 9. b3 Be6 10. Nce5 Bd5 11. Bb2 Rc8 12. dxc5 Nxc5 13. Qd4 Ne6 14. Qxa7 Rc2
15. Ba3 Rxe2 16. Rfe1 Rxe1+ 17. Rxe1 Qa8 18. Qxa8 Rxa8 19. Bxe7 Rxa2 20. Rc1
Ra8 21. Bxf6 Bxf6 22. Nd7 Bb2 23. Rb1 Ra2 24. Rxb2 Ra1+ 25. Bf1 Bxf3 26. Ne5
Bd5 27. f3 Nd4 28. Kf2 Nxf3 29. Nxf3 Bxf3 30. Kxf3 Rxf1+ 31. Ke4 Rc1 32. Kd5
Kg7 33. Re2 Rc3 34. b4 b5 35. Re1 h5 36. Rd1 Rc2 37. h4 Rc3 38. g4 hxg4 39. Rg1
f5 0-1

[Event "35. Open Villa de Benasque 2015"]
[Site "Benasque ESP"]
[Date "2015.07.06"]
[Round "5.9"]
[White "Romanov, Evgeny"]
[Black "Campora, Daniel H"]
[Result "1/2-1/2"]
[WhiteElo "2575"]
[BlackElo "2437"]
[PlyCount "40"]
[EventDate "2015.07.03"]
[EventType "swiss"]
[EventRounds "10"]
[EventCountry "ESP"]
[Source "lmi"]
[SourceDate "2015.07.03"]

1. c4 e5 2. Nc3 Nf6 3. Nf3 Nc6 4. g3 d5 5. cxd5 Nxd5 6. Bg2 Be6 7. O-O Nb6 8.
b4 Bxb4 9. Ne4 O-O 10. Qc2 f6 11. d3 Kh8 12. Nc5 Bxc5 13. Qxc5 Qd6 14. Qb5 a6
15. Qb2 Rab8 16. Bd2 Rfc8 17. Rfc1 Nd5 18. Rab1 b6 19. Be1 Nde7 20. Bc3 Rd8
1/2-1/2

[Event "35. Open Villa de Benasque 2015"]
[Site "Benasque ESP"]
[Date "2015.07.06"]
[Round "5.10"]
[White "Gagare, Shardul"]
[Black "Burmakin, Vladimir"]
[Result "1/2-1/2"]
[WhiteElo "2425"]
[BlackElo "2571"]
[PlyCount "68"]
[EventDate "2015.07.03"]
[EventType "swiss"]
[EventRounds "10"]
[EventCountry "ESP"]
[Source "lmi"]
[SourceDate "2015.07.03"]

1. d4 Nf6 2. c4 e6 3. Nf3 d5 4. Nc3 Nbd7 5. Bf4 dxc4 6. e3 Nd5 7. Bxc4 Nxf4 8.
exf4 Nb6 9. Bd3 Nd5 10. g3 Be7 11. O-O O-O 12. Ne5 c6 13. Rc1 Bd7 14. Qh5 g6
15. Qe2 Be8 16. Rfd1 Kg7 17. Ne4 f6 18. Nf3 Bf7 19. h4 h5 20. Nc5 Bxc5 21. dxc5
Re8 22. b4 Qc7 23. Qb2 Rad8 24. Be4 Nxf4 25. gxf4 Qxf4 26. Rxd8 Rxd8 27. Re1 e5
28. Qc3 Bxa2 29. Qe3 Qg4+ 30. Kh2 Bd5 31. Bxd5 cxd5 32. Rg1 Qxb4 33. c6 Qb6 34.
cxb7 Qxb7 1/2-1/2